Top 100 Biggest Cities in US States that Start with R-T - Statistics

General Stats
  • This quiz has been taken 190 times
  • The average score is 48 of 100
Answers on the Map
Answers color-coded by a green-red scale on the quiz's map according to % correct below.
 
Answer Stats
State City Population % Correct
Texas Houston 2,321,960
96%
Texas El Paso 683,581
95%
Texas Austin 995,347
94%
Texas Dallas 1,345,340
94%
Texas Fort Worth 925,954
93%
Tennessee Memphis 651,042
93%
Tennessee Nashville 674,634
93%
Texas San Antonio 1,564,490
93%
Rhode Island Providence 180,246
90%
South Carolina Charleston 139,021
88%
Texas Corpus Christi 326,865
87%
South Dakota Sioux Falls 187,188
87%
South Carolina Columbia 130,578
86%
Texas Amarillo 199,559
84%
Tennessee Chattanooga 183,680
84%
Tennessee Knoxville 187,844
84%
Texas Arlington 399,585
83%
Texas Lubbock 261,255
83%
Texas Brownsville 183,229
81%
Texas Laredo 264,126
79%
Texas Waco 140,586
78%
Texas McAllen 144,006
74%
Texas Plano 286,607
74%
Texas Midland 149,903
72%
Texas Odessa 126,631
70%
Texas Abilene 124,065
68%
Texas Irving 238,172
68%
Texas Garland 238,147
66%
Texas Galveston 50,496
65%
Tennessee Murfreesboro 152,358
65%
Tennessee Clarksville 159,916
63%
Texas Beaumont 115,983
61%
South Dakota Rapid City 78,836
61%
Texas Killeen 154,649
59%
South Carolina North Charleston 117,687
59%
Texas Wichita Falls 105,010
59%
Texas Denton 144,767
58%
Texas Tyler 108,302
58%
Texas Frisco 212,528
55%
Texas McKinney 206,606
55%
Texas College Station 119,787
54%
South Carolina Greenville 72,421
53%
Texas Mesquite 139,354
53%
Texas Pasadena 149,721
53%
Texas Grand Prairie 195,097
51%
Rhode Island Warwick 81,042
51%
Texas Round Rock 137,895
50%
Texas Allen 107,669
48%
Texas Sugar Land 118,199
48%
Rhode Island Pawtucket 72,261
46%
Texas San Angelo 101,999
46%
Texas Carrollton 141,483
44%
Texas Pearland 123,496
41%
Rhode Island Cranston 81,577
39%
Tennessee Johnson City 67,053
39%
Texas Texas City 51,110
38%
Texas League City 109,067
37%
Texas Edinburg 104,304
36%
Texas Richardson 122,768
36%
Tennessee Franklin 85,167
35%
Texas New Braunfels 95,923
35%
Texas Port Arthur 53,671
35%
Texas Victoria 66,997
35%
Tennessee Jackson 67,430
34%
South Carolina Mount Pleasant 93,499
33%
Texas Lewisville 111,486
31%
Texas Temple 80,713
31%
South Carolina Rock Hill 75,638
30%
Texas The Woodlands 113,819
29%
Texas Longview 82,071
28%
Texas Conroe 94,580
27%
Texas Harlingen 65,048
27%
Texas Spring 60,976
27%
Texas San Marcos 65,864
26%
Tennessee Kingsport 54,248
25%
Texas Bryan 87,735
23%
Texas Georgetown 84,933
22%
Texas Grapevine 56,753
22%
Texas Mission 84,704
21%
Texas Missouri City 76,080
21%
Texas North Richland Hills 70,654
20%
Texas Pharr 79,299
20%
Texas Baytown 77,792
18%
Texas Flower Mound 80,708
18%
Texas Pflugerville 66,588
18%
Tennessee Smyrna 52,424
18%
Tennessee Bartlett 59,477
16%
Texas Cedar Park 82,021
16%
Tennessee Hendersonville 58,592
16%
Texas DeSoto 52,722
14%
Tennessee Collierville 51,409
13%
Texas Euless 57,153
13%
Texas Mansfield 74,042
13%
South Carolina Summerville 53,218
12%
Texas Wylie 55,131
12%
Texas Leander 69,292
11%
Texas Rowlett 68,552
11%
Texas Atascocita 81,557
10%
Texas Little Elm 56,608
10%
Texas Farmers Branch 55,789
8%
No matching quizzes found
Score Distribution
Percent of People with Each Score
Percentile by Number Answered
Your Score History
You have not taken this quiz